Woman - Doja Cat Lyrics - Statistics

General Stats
  • This quiz has been taken 496 times
  • The average score is 194 of 309
Answer Stats
Hint Lyrics % Correct
woman
100%
Chorus 2x | Chorus2x Woman
100%
woman,
100%
be
98%
Let
98%
me
98%
me,
98%
you
98%
You
98%
I
97%
your
97%
a
94%
can
93%
see
84%
and
81%
And
81%
to
81%
hear
79%
I'm
79%
need?
78%
need
78%
got
77%
the
76%
in
74%
So
74%
Verse1 What
74%
her
72%
Mother
71%
motherf*cker,
71%
taste,
69%
feminine
68%
feminine,
68%
my
68%
delicious
67%
it
67%
when
67%
Baby,
66%
Just
65%
just
65%
She
65%
with
64%
hips
62%
say
62%
touch
62%
keep
61%
lady,
61%
safe
61%
waist
61%
place
60%
'Boy'
59%
family
59%
on
59%
protect
59%
grace
58%
seed
58%
of
57%
'We
56%
we
56%
worship
56%
from
55%
grow
55%
plant
55%
they
55%
They
55%
like
54%
papa,
53%
problem
53%
but
52%
never
52%
reciprocate
52%
womb,
52%
give
51%
drama
50%
Put
50%
top
50%
take
48%
away
47%
come
47%
girl
47%
lot
47%
lot,
47%
that
47%
woman's
46%
life
45%
mean
45%
Mean
45%
soul
45%
opposite
44%
some
43%
ain't
42%
common
42%
could
42%
here,
42%
sense'
42%
'Cause
41%
'cause
41%
ever
40%
know
40%
sh*t
40%
babies
39%
Provide
39%
for
38%
queen,
38%
tenfold,
38%
unappreciated,
38%
god
37%
Gotta
37%
lovin'
37%
no
37%
people
37%
picture
37%
world
37%
all
36%
face
36%
overlooked
36%
Princess
36%
CEO,
35%
Intro 2x Hey,
35%
king
34%
myself
34%
prove
34%
seen
34%
diorama
33%
leader,
33%
or
33%
us
33%
Don't
32%
everything
32%
will
32%
You've
32%
you've
32%
Girls
31%
head
31%
paper
31%
tomboy
31%
wanna
31%
Honest,
30%
honest,
30%
states
30%
dream
29%
Regina
29%
told
29%
without
29%
rise
28%
team,
28%
smile
27%
there
27%
up
27%
Divine
26%
f*ckin'
26%
Fenty
25%
heard
25%
Mary
25%
other
25%
pockets
25%
each
24%
empty
24%
it's
24%
against
23%
Earth,
23%
'til
23%
end
22%
goddesses
22%
jiggle
22%
think
22%
at
21%
look
21%
Robyn
21%
get
20%
his
20%
these
20%
n*ggas
16%
I'ma
14%
reasons
14%
succeedin'
14%
pit
12%
hella
10%
No matching quizzes found
Score Distribution
Percent of People with Each Score
Percentile by Number Answered
Your Score History
You have not taken this quiz